Marriages and families diversity and change

Guardat en:
Dades bibliogràfiques
Autor principal: SCHWARTZ, Mary Ann
Format: Llibre
Idioma:anglès
Publicat: Prentice Hall 2003
Etiquetes: Afegir etiqueta
Sense etiquetes, Sigues el primer a etiquetar aquest registre!

MARC

LEADER 00000nam a22000007a 4500
008 210121b ||||| |||| 00| 0 eng d
020 |a 0-13-097956-2 
100 |a SCHWARTZ, Mary Ann 
245 |a Marriages and families  |b diversity and change  |c Mary Ann Schwartz and Barbara Marliene Scott 
250 |b 4th ed. 
260 |b Prentice Hall  |c 2003  |h Upper Saddle River, N J  |i 680873   |l HQ536 .Sch9 
942 |a lcc  |c BK  |e Adeyeye Y. S.  |f 21/01/21 
952 |0 0  |1 0  |2 lcc  |4 0  |6 HQ0536 S C H9  |7 0  |9 1437  |a HOL  |b HOL  |c GJ  |d 2021-01-21  |l 0  |o HQ536 .Sch9  |p 2021-0235  |r 2021-01-21 00:00:00  |w 2021-01-21  |y BK 
999 |c 748  |d 748